000 00301nam a22001337a 4500
008 170204b xxu||||| |||| 00| 0 alb d
020 _a9992702079
041 _aalb
080 _a61
100 _a3
101 _aSHM
245 _aENDOKRINOLOGJIA DIABETOLOGJIA METABOLIZMI
_cYLLI, A
942 _2udc
_cBK
999 _c4614
_d4614